| 000 | 00623nam a2200241 a 4500 | ||
|---|---|---|---|
| 001 | nice12345678 | ||
| 003 | IN_TiNIC | ||
| 005 | 20260116012054.0 | ||
| 008 | 050524s1966 lona grp 000 0 eng | ||
| 020 |
_a _c40.8 |
||
| 082 | 0 | 0 |
_a248.24 _bJON |
| 100 | _aJones, E Stanley | ||
| 245 |
_aConversion _b Waht Is Conversion? How Does It Happens? |
||
| 260 |
_aLondon _bHodder & Stoughton _c1966 |
||
| 300 | _a253p | ||
| 500 | _aincludes index and biblioraphy | ||
| 505 | 2 | _aIndex of Churches | |
| 650 | _aConversion-Christianity | ||
| 700 | 1 | _aJones, E Stanley | |
| 902 | _bSRS | ||
| 942 | _cBK | ||
| 999 |
_c5528 _d5528 |
||